| 000 | 00759nam a2200241Ia 4500 | ||
|---|---|---|---|
| 003 | OSt | ||
| 005 | 20220114111214.0 | ||
| 008 | 210716s2009 xx 000 0 und d | ||
| 020 | _a9788178298528 | ||
| 040 | _cAIMIT LIBRARY | ||
| 041 | _aeng | ||
| 082 |
_a332.1068 _23 _bJOSV |
||
| 100 |
_aJoshi, Vasant C. _913219 |
||
| 245 |
_aManaging Indian Banks: _bthe Challenges Ahead. / _cby Vasant C Joshi and Vinay V Joshi. |
||
| 250 | _a3rd. ed. - | ||
| 260 |
_aLondon : _bResponse Books , _c2009 . |
||
| 300 | _axx,337p. ; 21.5cm. | ||
| 650 |
_aBanking and Insurance _913220 |
||
| 650 |
_aTechnology Developments in Banking _913221 |
||
| 650 |
_aInvestment Risk Management _913222 |
||
| 700 |
_aJoshi, Vinay V. _913223 |
||
| 942 |
_2ddc _cBK _e3 _k332.1068 JOSV |
||
| 999 |
_c204775 _d204775 |
||